| 000 | 00553nam a2200169 a 4500 | ||
|---|---|---|---|
| 001 | 000024256 | ||
| 005 | 20200930022843.0 | ||
| 008 | 110125s1970 mx r 000 0 spa d | ||
| 040 |
_aDO-SdBNP _bspa _cBNPHU |
||
| 082 |
_axxxxx _bS456i |
||
| 111 | 1 |
_aSeminario del crefal sobre alfabetización funcional en américa latina _n(2o _d1970 Marzo 16 al 25 _cLima, Perú) _949799 |
|
| 245 | 1 | 0 | _aInforme Final. |
| 260 |
_aMichoacán, México : _bCREFAL, _c1970. |
||
| 300 |
_a127 p. ; _c22 cm. |
||
| 500 | _aIncluye notas al pie de las páginas. | ||
| 049 | _aBNGR | ||
| 999 |
_c23750 _d23750 |
||